<?xml version="1.0" encoding="UTF-8"?>
<record
    xmlns:xsi="http://www.w3.org/2001/XMLSchema-instance"
    xsi:schemaLocation="http://www.loc.gov/MARC21/slim http://www.loc.gov/standards/marcxml/schema/MARC21slim.xsd"
    xmlns="http://www.loc.gov/MARC21/slim">

  <leader>01130nam a2200349Ia 4500</leader>
  <controlfield tag="001">Z_6751</controlfield>
  <controlfield tag="003">CHAP</controlfield>
  <controlfield tag="008">220113s2014    xx            000 0 und d</controlfield>
  <datafield tag="010" ind1=" " ind2=" ">
    <subfield code="a">170027</subfield>
  </datafield>
  <datafield tag="020" ind1=" " ind2=" ">
    <subfield code="a">978-1-4822-0738-5</subfield>
  </datafield>
  <datafield tag="040" ind1=" " ind2=" ">
    <subfield code="c">CHAP</subfield>
  </datafield>
  <datafield tag="082" ind1=" " ind2=" ">
    <subfield code="a">597.13 R83</subfield>
  </datafield>
  <datafield tag="100" ind1=" " ind2=" ">
    <subfield code="a">Rudneva, Irina</subfield>
    <subfield code="9">145828</subfield>
  </datafield>
  <datafield tag="245" ind1=" " ind2=" ">
    <subfield code="a">Biomarkers for stress in fish embryos and larvae  /</subfield>
    <subfield code="c">Irina Rudneva</subfield>
  </datafield>
  <datafield tag="260" ind1=" " ind2=" ">
    <subfield code="a">Estados Unidos de Am&#xE9;rica  :</subfield>
    <subfield code="b">Taylor &amp; Francis,</subfield>
    <subfield code="c">2014</subfield>
  </datafield>
  <datafield tag="300" ind1=" " ind2=" ">
    <subfield code="a">xiii, 206 p.</subfield>
  </datafield>
  <datafield tag="503" ind1=" " ind2=" ">
    <subfield code="a">ej.1: consumo</subfield>
  </datafield>
  <datafield tag="504" ind1=" " ind2=" ">
    <subfield code="a">Incluye bibliograf&#xED;a al final de cada cap&#xED;tulo</subfield>
  </datafield>
  <datafield tag="650" ind1=" " ind2=" ">
    <subfield code="a">Marcadores bioqu&#xED;micos</subfield>
    <subfield code="9">125394</subfield>
  </datafield>
  <datafield tag="650" ind1=" " ind2=" ">
    <subfield code="a">Peces </subfield>
    <subfield code="x"></subfield>
    <subfield code="x"> Desarrollo.</subfield>
    <subfield code="9">145829</subfield>
  </datafield>
  <datafield tag="650" ind1=" " ind2=" ">
    <subfield code="a">Peces </subfield>
    <subfield code="x"></subfield>
    <subfield code="x"> Efecto del stress en los</subfield>
    <subfield code="9">145830</subfield>
  </datafield>
  <datafield tag="650" ind1=" " ind2=" ">
    <subfield code="a">Peces </subfield>
    <subfield code="x"></subfield>
    <subfield code="x"> Embriolog&#xED;a </subfield>
    <subfield code="x"></subfield>
    <subfield code="x"> Fisiologia</subfield>
    <subfield code="9">145831</subfield>
  </datafield>
  <datafield tag="650" ind1=" " ind2=" ">
    <subfield code="a">Peces </subfield>
    <subfield code="x"></subfield>
    <subfield code="x"> Embriones </subfield>
    <subfield code="x"></subfield>
    <subfield code="x"> efecto de la contaminaci&#xF3;n sobre</subfield>
    <subfield code="9">145832</subfield>
  </datafield>
  <datafield tag="650" ind1=" " ind2=" ">
    <subfield code="a">Peces </subfield>
    <subfield code="x"></subfield>
    <subfield code="x"> Larva </subfield>
    <subfield code="x"></subfield>
    <subfield code="x"> Efecto de la contaminaci&#xF3;n sobre</subfield>
    <subfield code="9">145833</subfield>
  </datafield>
  <datafield tag="650" ind1=" " ind2=" ">
    <subfield code="a">Peces </subfield>
    <subfield code="x"></subfield>
    <subfield code="x"> Larvas </subfield>
    <subfield code="x"></subfield>
    <subfield code="x"> Fisiolog&#xED;a</subfield>
    <subfield code="9">145834</subfield>
  </datafield>
  <datafield tag="901" ind1=" " ind2=" ">
    <subfield code="a">597.13 R83</subfield>
  </datafield>
  <datafield tag="902" ind1=" " ind2=" ">
    <subfield code="a">M</subfield>
  </datafield>
  <datafield tag="910" ind1=" " ind2=" ">
    <subfield code="a">2014</subfield>
  </datafield>
  <datafield tag="942" ind1=" " ind2=" ">
    <subfield code="c">1</subfield>
  </datafield>
  <datafield tag="942" ind1=" " ind2=" ">
    <subfield code="c">c1</subfield>
  </datafield>
  <datafield tag="999" ind1=" " ind2=" ">
    <subfield code="c">170027</subfield>
    <subfield code="d">170027</subfield>
  </datafield>
  <datafield tag="952" ind1=" " ind2=" ">
    <subfield code="0">0</subfield>
    <subfield code="1">0</subfield>
    <subfield code="2">ddc</subfield>
    <subfield code="4">0</subfield>
    <subfield code="7">0</subfield>
    <subfield code="8">GRAL</subfield>
    <subfield code="a">Z</subfield>
    <subfield code="b">Z</subfield>
    <subfield code="c">1</subfield>
    <subfield code="d">2016-10-25</subfield>
    <subfield code="p">z_6697</subfield>
    <subfield code="r">2022-01-18 00:00:00</subfield>
    <subfield code="t">1</subfield>
    <subfield code="w">2022-01-18</subfield>
    <subfield code="y">LIBRO</subfield>
  </datafield>
</record>
